| 000 | 01070cam a2200277 4500 | ||
|---|---|---|---|
| 001 | WB3734-27 | ||
| 008 | 010913n2001 000 0 eng u | ||
| 035 | _a(Sirsi) u114577 | ||
| 245 | _aSouth West planning guidance | ||
| 260 | _c2001 | ||
| 490 |
_aDTLR News Release _v(387) 12 September 2001, (3) |
||
| 520 | _aFollowing extensive public consultation, a revised Regional Planning Guidance for the South West (SWRPG) is published. The revised SWRPG incorporates new housing and brownfield targets, recognition of the roles of market towns and villages, and flood prevention measures. The document is available at http://www.rpg-sw.gov.uk/ | ||
| 590 | _aWB | ||
| 650 | _aBROWNFIELD SITES | ||
| 650 | _aSUSTAINABLE DEVELOPMENT | ||
| 650 | _aMARKET TOWNS | ||
| 650 | _aVILLAGES | ||
| 650 | _aFLOODING | ||
| 650 | _aHOUSING DEVELOPMENT | ||
| 650 | _aREGIONAL PLANNING GUIDANCE | ||
| 650 | _aSOUTH WEST ENGLAND | ||
| 650 | _aRPG10 | ||
| 650 | _aPLANNING POLICY | ||
| 690 | _aENVIRONMENTAL AND LAND CONSULTANCY-PLANNING AND DEVELOPMENT | ||
| 942 | _n0 | ||
| 999 |
_c68270 _d68270 |
||